[Event "Ch Europe (active)"]
[Site "masterchessopen.com Warsaw (Poland)"]
[Date "2010.12.18"]
[Round "3"]
[White "Gashimov Vugar (AZE)"]
[Black "Czerwonski Aleksander (POL)"]
[Result "1-0"]
[WhiteElo "2719"]
[BlackElo "2383"]

1.e4 e5 2.Nf3 Nc6 3.Bb5 a6 4.Ba4 Nf6 5.O-O Be7 6.Re1 b5 7.Bb3 d6 8.c3 O-O 9.h3
Nb8 10.d4 Nbd7 11.Nbd2 Bb7 12.Bc2 Re8 13.Nf1 Bf8 14.Bg5 h6 15.Bh4 Be7 16.Ng3
Nh7 17.Bxe7 Qxe7 18.Nf5 Qf6 19.dxe5 Nxe5 20.Nh2 Rad8 21.f4 Nc4 22.Ng4 Qe6
23.b3 Nb6 24.Qd4 f6 25.Qd3 Rd7 26.Nd4 Qf7 27.e5 Nf8 28.e6 Rxe6 29.Nxe6 Nxe6
30.Qh7+ {#r} 1-0

[Event "Oberliga East B 2010/11"]
[Site "masterchessopen.com Germany"]
[Date "2011.01.16"]
[Round "5"]
[White "Palac Mladen (CRO)"]
[Black "Vettel Matthias (GER)"]
[Result "1-0"]
[WhiteElo "2591"]
[BlackElo "2278"]

1.e4 e5 2.Nf3 Nc6 3.Bb5 a6 4.Ba4 Nf6 5.O-O Be7 6.Re1 b5 7.Bb3 d6 8.c3 O-O 9.h3
Nb8 10.d4 Nbd7 11.c4 Bb7 12.Nc3 exd4 13.Nxd4 Nc5 14.Nf5 Re8 15.f3 Bf8 16.Bg5
h6 17.Bh4 g6 18.Ne3 c6 19.Bc2 Bg7 20.b4 Ne6 21.Bb3 Ng5 22.cxb5 axb5 23.Rc1 Qe7
24.f4 Ngh7 25.Qd3 Rad8 26.e5 dxe5 27.Qxg6 Bc8 28.fxe5 {#r} 1-0

[Event "Extraliga 2010/11"]
[Site "masterchessopen.com Slovakia"]
[Date "2011.01.16"]
[Round "4"]
[White "Skara Vladimir (SVK)"]
[Black "Kaniansky Miroslav (SVK)"]
[Result "0-1"]
[WhiteElo "2219"]
[BlackElo "2199"]

1.e4 e5 2.Nf3 Nc6 3.Bb5 a6 4.Ba4 Nf6 5.O-O Be7 6.Re1 b5 7.Bb3 d6 8.c3 O-O 9.h3
Nb8 10.d4 Nbd7 11.Nbd2 Bb7 12.Bc2 Re8 13.Nf1 Bf8 14.Ng3 g6 15.Bg5 h6 16.Bd2
Bg7 17.Nh2 d5 18.f3 dxe4 19.fxe4 exd4 20.cxd4 c5 21.e5 Nd5 22.Ne4 cxd4 23.Nd6
Qb6 24.Ba5 Qxa5 25.Qf3 Rf8 26.Nxb7 Qb6 27.Bb3 Ne3 28.Rxe3 dxe3 29.Ng4 Nxe5
30.Nxe5 Bxe5 31.Qe4 Bxb2 32.Rb1 Rae8 33.Bxf7+ Kxf7 34.Rf1+ Bf6 35.Qd5+ Kg7
36.Nc5 Re5 37.Qxe5 Bxe5 38.Rxf8 Qxc5 {#R} 0-1

[Event "Ch City (superfinal)"]
[Site "masterchessopen.com Tiumen (Russia)"]
[Date "2011.01.23"]
[Round "2"]
[White "Gajsin Vitaliy"]
[Black "Musakaev Emil (RUS)"]
[Result "1-0"]
[WhiteElo "2476"]
[BlackElo "2353"]

1.e4 e5 2.Nf3 Nc6 3.Bb5 a6 4.Ba4 Nf6 5.O-O Be7 6.Re1 b5 7.Bb3 d6 8.c3 O-O 9.h3
Nb8 10.d4 Nbd7 11.Nbd2 Bb7 12.Bc2 c5 13.d5 c4 14.Nf1 Qc7 15.Ng3 Rfb8 16.Nf5
Bf8 17.Nh2 a5 18.Re3 Nc5 19.Ng4 Ne8 20.Rg3 Kh8 21.h4 g6 22.Ngh6 b4 23.h5 Ba6
24.Qg4 Ng7 25.Bg5 bxc3 26.bxc3 Rb2 27.Bf6 Rxc2 28.Qh4 Rxf2 29.Kxf2 Qa7
30.Nxf7+ Qxf7 31.hxg6 Nxe4+ 32.Ke1 Qg8 33.Qxe4 {#r} 1-0

[Event "Ch City"]
[Site "masterchessopen.com Belgrade (Serbia)"]
[Date "2011.01.28"]
[Round "7"]
[White "Todorovic Goran M (SRB)"]
[Black "Abramovic Bosko (SRB)"]
[Result "1-0"]
[WhiteElo "2487"]
[BlackElo "2463"]

1.e4 e5 2.Nf3 Nc6 3.Bb5 a6 4.Ba4 Nf6 5.O-O Be7 6.Re1 b5 7.Bb3 d6 8.c3 O-O 9.h3
Nb8 10.d4 Nbd7 11.Nbd2 Bb7 12.Bc2 Re8 13.a4 Bf8 14.Bd3 c6 15.b3 g6 16.Bb2 Bg7
17.Qc2 Qe7 18.c4 bxa4 19.c5 axb3 20.Nxb3 exd4 21.cxd6 Qxd6 22.Bxd4 Nh5 23.Bxg7
Nxg7 24.Na5 Rab8 25.Nxb7 Rxb7 26.Bxa6 Rb6 27.Red1 Qe7 28.Bc4 Nc5 29.e5 Reb8
30.Qd2 Nge6 31.Qe3 Kg7 32.g3 Rb4 33.Rac1 Rd8 34.Rd6 Rc8 35.Kg2 Qb7 36.h4 Rb8
{#r} 1-0

[Event "Bundesliga 2010/11 (w)"]
[Site "masterchessopen.com Germany"]
[Date "2011.01.30"]
[Round "7"]
[White "Melamed Tatiana (GER)"]
[Black "Korenova Martina (CZE)"]
[Result "1-0"]
[WhiteElo "2342"]
[BlackElo "2220"]

1.e4 e5 2.Nf3 Nc6 3.Bb5 a6 4.Ba4 Nf6 5.O-O Be7 6.Re1 b5 7.Bb3 d6 8.c3 O-O 9.h3
Nb8 10.d4 Nbd7 11.Nbd2 Bb7 12.Bc2 Re8 13.Nf1 Bf8 14.Ng3 g6 15.a4 c6 16.Bg5 h6
17.Be3 Nh7 18.Qd2 h5 19.Rad1 exd4 20.cxd4 Nb6 21.Bh6 h4 22.Bxf8 Rxf8 23.Nf1
bxa4 24.e5 dxe5 25.Nxe5 Qg5 26.f4 Qd8 27.Ne3 a5 28.f5 g5 29.f6 Nd7 30.Nxd7
Qxd7 31.Qd3 Nxf6 32.Ng4 Kg7 33.Nxf6 Kxf6 34.Re5 Rh8 35.Qf3+ Kg7 36.Rxg5+ Kf8
37.Qf6 Rg8 38.Qh6+ {#r} 1-0

[Event "It (open) (w)"]
[Site "masterchessopen.com Moscow (Russia)"]
[Round "3"]
[White "Anfinogenova Anastasiya"]
[Black "Sysoykina Lidia (RUS)"]
[Result "0-1"]
[WhiteElo "1708"]
[BlackElo "1952"]

1.e4 e5 2.Nf3 Nc6 3.Bb5 a6 4.Ba4 Nf6 5.O-O Be7 6.Re1 b5 7.Bb3 d6 8.h3 O-O 9.c3
Nb8 10.d4 Nbd7 11.Nbd2 Bb7 12.Bc2 Re8 13.d5 c6 14.dxc6 Bxc6 15.Nf1 Bf8 16.Bg5
h6 17.Bh4 Qc7 18.Bg3 Nc5 19.N1d2 Rad8 20.Qb1 Nh5 21.Bh2 g6 22.Nf1 Bg7 23.b4
Ne6 24.Ne3 Nef4 25.Qb3 Qb7 26.Nd2 d5 27.f3 d4 28.Nd1 d3 29.Bb1 Ne2+ 30.Kf1 Qb6
31.Rxe2 dxe2+ 32.Kxe2 Nf4+ 33.Bxf4 exf4 34.Nf2 Qe3+ {#R} 0-1

[Event "Memorial G.Tringov (open)"]
[Site "masterchessopen.com Plovdiv (Bulgaria)"]
[Date "2011.02.05"]
[Round "8"]
[White "Bonev Todor (BUL)"]
[Black "Miron Lucian-Costin (ROM)"]
[Result "1-0"]
[WhiteElo "2301"]
[BlackElo "2514"]

1.e4 e5 2.Nf3 Nc6 3.Bb5 a6 4.Ba4 Nf6 5.O-O Be7 6.Re1 b5 7.Bb3 d6 8.c3 O-O 9.h3
Nb8 10.d4 Nbd7 11.Nbd2 Bb7 12.Bc2 Re8 13.Nf1 Bf8 14.Ng3 g6 15.a4 c6 16.Bg5 Qc7
17.Nh2 Bg7 18.Qd2 Nf8 19.Bh6 Ne6 20.Bb3 exd4 21.Bxg7 dxc3 22.Qxc3 Kxg7 23.Ng4
Qd8 24.Rad1 c5 25.Rxd6 Qxd6 26.Qxf6+ Kf8 27.Nf5 {#r} 1-0

[Event "Ch Poland (juniors) (under 18)"]
[Site "masterchessopen.com Murzasichle (Poland)"]
[Date "2011.03.08"]
[Round "5"]
[White "Barski Radoslaw (POL)"]
[Black "Grabowski Adam (POL)"]
[Result "1-0"]
[WhiteElo "2255"]
[BlackElo "1968"]

1.e4 e5 2.Nf3 Nc6 3.Bb5 a6 4.Ba4 Nf6 5.O-O Be7 6.Re1 b5 7.Bb3 d6 8.c3 O-O 9.h3
Nb8 10.d4 Nbd7 11.Nbd2 Bb7 12.Bc2 Re8 13.a4 Bf8 14.Bd3 c6 15.b3 Qc7 16.Bb2 g6
17.Qc2 Bg7 18.b4 d5 19.Nxe5 dxe4 20.Nxd7 exd3 21.Nxf6+ Bxf6 22.Qxd3 Rxe1+
23.Rxe1 bxa4 24.Ne4 Be7 25.c4 a5 26.d5 a3 27.Ba1 f6 28.d6 Bxd6 29.Nxd6 Rd8
30.c5 {#r} 1-0

[Event "Extraliga 2010/11"]
[Site "masterchessopen.com Slovakia"]
[Date "2011.03.13"]
[Round "8"]
[White "Malinovsky Karel (CZE)"]
[Black "Rachela Milan (SVK)"]
[Result "1-0"]
[WhiteElo "2357"]
[BlackElo "2375"]

1.e4 e5 2.Nf3 Nc6 3.Bb5 a6 4.Ba4 Nf6 5.O-O Be7 6.Re1 b5 7.Bb3 d6 8.c3 O-O 9.h3
Nb8 10.d4 Nbd7 11.Nbd2 Bb7 12.Bc2 Re8 13.Nf1 Bf8 14.Ng3 g6 15.a4 Bg7 16.Bd3 c6
17.b4 Nb6 18.a5 Na4 19.Qc2 exd4 20.cxd4 c5 21.Bg5 cxd4 22.Qd2 Rc8 23.Nxd4 Re5
24.Rac1 d5 25.Rxc8 Qxc8 26.Rc1 Qa8 27.Bxf6 Bxf6 28.Qf4 Qd8 29.Nf3 Qd6 30.Nxe5
Bxe5 31.Qg4 Qxb4 32.Qd7 Qd4 33.Ne2 Qb2 34.Qxb7 Nc3 35.Rxc3 Bxc3 36.Qc8+ {#r}
1-0

[Event "Ch Southern FO (open)"]
[Site "masterchessopen.com Armavir (Russia)"]
[Date "2011.03.18"]
[Round "7"]
[White "Zakarias David (HUN)"]
[Black "Makarkin Zhan (RUS)"]
[Result "0-1"]
[WhiteElo "2208"]
[BlackElo "2123"]

1.e4 e5 2.Nf3 Nc6 3.Bb5 a6 4.Ba4 Nf6 5.O-O Be7 6.Re1 b5 7.Bb3 d6 8.c3 O-O 9.h3
Nb8 10.d4 Nbd7 11.c4 c6 12.dxe5 Nxe5 13.Nxe5 dxe5 14.Nc3 Qxd1 15.Nxd1 Be6
16.Bd2 Nd7 17.Ne3 g6 18.cxb5 Bxb3 19.bxc6 Nc5 20.axb3 Nxb3 21.Rad1 Nxd2 22.Nd5
Bg5 23.f4 Bh4 24.Re3 exf4 25.Re2 Nc4 26.Nxf4 Rfc8 27.Rc1 Rxc6 28.Rec2 Rac8
29.g3 Bg5 30.b4 Ne5 {#R} 0-1

[Event "It (cat.7)"]
[Site "masterchessopen.com Budapest (Hungary)"]
[Date "2011.04.07"]
[Round "6"]
[White "Tesik Csaba (HUN)"]
[Black "Bindrich Falko (GER)"]
[Result "0-1"]
[WhiteElo "2340"]
[BlackElo "2548"]

1.e4 e5 2.Nf3 Nc6 3.Bb5 a6 4.Ba4 Nf6 5.O-O Be7 6.Re1 b5 7.Bb3 d6 8.c3 O-O 9.h3
Nb8 10.d4 Nbd7 11.Nbd2 Bb7 12.Bc2 c5 13.Nf1 Re8 14.Ng3 Bf8 15.a4 g6 16.Be3
exd4 17.cxd4 Bg7 18.d5 c4 19.Nd4 b4 20.Rc1 Nc5 21.Bf4 b3 22.Bb1 Nxd5 23.exd5
Rxe1+ 24.Qxe1 Bxd4 25.Qd2 Qf6 26.Rxc4 Bxb2 27.Ne4 Nxe4 28.Bxe4 Rc8 29.Rxc8+
Bxc8 30.Bxd6 Bc3 31.Qd3 b2 32.Be7 Qd4 33.g4 f5 34.Qxd4 Bxd4 35.Bb1 fxg4
36.hxg4 Bxg4 37.d6 Kf7 {#R} 0-1

[Event "Ch Russia (club) (w)"]
[Site "masterchessopen.com Olginka (Russia)"]
[Date "2011.04.19"]
[Round "4"]
[White "Yakupova Aysyla (RUS)"]
[Black "Kashlinskaya Alina (RUS)"]
[Result "0-1"]
[WhiteElo "2089"]
[BlackElo "2385"]

1.e4 e5 2.Nf3 Nc6 3.Bb5 a6 4.Ba4 Nf6 5.O-O Be7 6.Re1 b5 7.Bb3 d6 8.c3 O-O 9.h3
Nb8 10.d4 Nbd7 11.Nbd2 Bb7 12.Bc2 Re8 13.a4 Bf8 14.Bd3 c6 15.Qc2 g6 16.b3 Rc8
17.Bb2 Nh5 18.g3 exd4 19.cxd4 d5 20.exd5 Ndf6 21.Rxe8 Qxe8 22.Re1 Qd7 23.Ne5
Qxd5 24.Be2 Qe6 25.Ndf3 c5 26.Bf1 cxd4 27.Qd3 Bb4 28.Re2 Bc3 29.Bxc3 dxc3
30.axb5 Be4 31.Qd1 c2 32.Qc1 axb5 33.Re3 Qd5 34.Kh2 Bxf3 35.Nxf3 Qd1 {#R} 0-1

[Event "It (open)"]
[Site "masterchessopen.com Donostia (Spain)"]
[Date "2011.04.20"]
[Round "5"]
[White "Clement Alexandre (FRA)"]
[Black "Ibar Marcelo (ARG)"]
[Result "0-1"]
[WhiteElo "1996"]
[BlackElo "2215"]

1.e4 e5 2.Nf3 Nc6 3.Bb5 a6 4.Ba4 Nf6 5.O-O Be7 6.Re1 b5 7.Bb3 O-O 8.c3 d6 9.h3
Nb8 10.d4 Nbd7 11.Nbd2 Bb7 12.Bc2 c5 13.Nf1 Re8 14.Ng3 Bf8 15.Bg5 h6 16.Bc1
cxd4 17.cxd4 d5 18.dxe5 Nxe4 19.Nxe4 dxe4 20.Bxe4 Bxe4 21.Rxe4 Nxe5 22.Qe2
Nxf3+ 23.gxf3 Qd7 24.Kg2 f5 25.Rxe8 Rxe8 26.Qf1 Qd4 27.a4 bxa4 28.Qxa6 a3
29.Rb1 Qd1 30.Qc4+ Kh7 31.Qf7 Re1 32.Qxf8 Rg1+ 33.Kh2 Rh1+ 34.Kg3 Rg1+ 35.Kh2
Rh1+ 36.Kg3 f4+ 37.Kh4 Qd7 {#R} 0-1

[Event "It (open)"]
[Site "masterchessopen.com Gorzow (Poland)"]
[Date "2011.04.21"]
[Round "3"]
[White "Wisniowska Klaudia (POL)"]
[Black "Witczak Jakub (POL)"]
[Result "1-0"]
[WhiteElo "2074"]
[BlackElo "1616"]

1.e4 e5 2.Nf3 Nc6 3.Bb5 a6 4.Ba4 Nf6 5.O-O Be7 6.Re1 b5 7.Bb3 d6 8.c3 O-O 9.h3
Nb8 10.d4 Nbd7 11.Nbd2 Bb7 12.Bc2 Re8 13.Nf1 Bf8 14.Ng3 g6 15.a4 c6 16.b3 Qc7
17.Bb2 Bg7 18.Qd2 d5 19.Nxe5 Nxe5 20.dxe5 Nxe4 21.Bxe4 dxe4 22.Nxe4 Bxe5 23.c4
Rad8 24.Nf6+ Bxf6 25.Bxf6 {#r} 1-0

[Event "Ch Italy (team)"]
[Site "masterchessopen.com Spoleto (Italy)"]
[Date "2011.04.28"]
[Round "1"]
[White "Misiano Franco (ITA)"]
[Black "Esposito Luca (ITA)"]
[Result "1-0"]
[WhiteElo "2293"]
[BlackElo "2235"]

1.e4 e5 2.Nf3 Nc6 3.Bb5 a6 4.Ba4 Nf6 5.O-O Be7 6.Re1 b5 7.Bb3 O-O 8.c3 d6 9.h3
Nb8 10.d4 Nbd7 11.Nbd2 Bb7 12.Bc2 Re8 13.Nf1 Bf8 14.Ng3 g6 15.a4 d5 16.Bg5 h6
17.Bh4 g5 18.Nxg5 hxg5 19.Bxg5 dxe4 20.Nxe4 Be7 21.dxe5 Nxe4 22.Bxe7 Qxe7
23.Bxe4 Bxe4 24.Rxe4 Nxe5 25.Qh5 f6 26.Rae1 Qf7 27.Qe2 Kf8 28.axb5 axb5
29.Qxb5 c6 30.Qc5+ Kg7 31.Qe3 Nc4 32.Rg4+ Kh7 33.Rh4+ Kg8 34.Qg3+ {#r} 1-0

[Event "Ch World (schools) (under 13) (g)"]
[Site "masterchessopen.com Krakow (Poland)"]
[Date "2011.05.05"]
[Round "5"]
[White "Menzi Nezihe Ezgi (TUR)"]
[Black "Dwilewicz Katarzyna (POL)"]
[Result "1-0"]
[WhiteElo "1887"]
[BlackElo "1599"]

1.e4 e5 2.Nf3 Nc6 3.Bb5 a6 4.Ba4 Nf6 5.O-O Be7 6.Re1 b5 7.Bb3 O-O 8.c3 d6 9.h3
Nb8 10.d4 Nbd7 11.Nbd2 Bb7 12.Bc2 Re8 13.Nf1 Bf8 14.Ng3 g6 15.b3 Rc8 16.Qd2
Qe7 17.a4 Ra8 18.Bd3 c6 19.c4 exd4 20.Nxd4 c5 21.Nf3 bxc4 22.Bxc4 Nb6 23.Bd3
Qc7 24.Qf4 Qd8 25.Nf5 Kh8 26.Qh6 d5 27.exd5 Rb8 {#r} 1-0

[Event "Ch Ukraine (1/2 final)"]
[Site "masterchessopen.com Alushta (Ukraine)"]
[Date "2011.05.07"]
[Round "5"]
[White "Kryvoruchko Yuriy (UKR)"]
[Black "Bogdanovich Stanislav (UKR)"]
[Result "1-0"]
[WhiteElo "2666"]
[BlackElo "2520"]

1.e4 e5 2.Nf3 Nc6 3.Bb5 a6 4.Ba4 Nf6 5.O-O Be7 6.Re1 b5 7.Bb3 d6 8.c3 O-O 9.h3
Nb8 10.d4 Nbd7 11.Nbd2 Bb7 12.Bc2 Re8 13.Nf1 Bf8 14.Ng3 g6 15.a4 Bg7 16.Bd3 d5
17.Bg5 b4 18.Qc2 bxc3 19.bxc3 Qc8 20.exd5 Nxd5 21.Rab1 c5 22.Ne4 Qc6 23.dxc5
f5 24.Red1 fxe4 25.Bxe4 Qxc5 26.Rxb7 N7f6 27.Bxd5+ Nxd5 28.Qd2 Nxc3 29.Qd7 Qf8
30.Bh6 Nxd1 31.Qd5+ {#r} 1-0

[Event "Ch Slovenia (team)"]
[Site "masterchessopen.com Ljubljana (Slovenia)"]
[Date "2011.05.29"]
[Round "3"]
[White "Roskar Robert (SLO)"]
[Black "Budihna Kristijan (SLO)"]
[Result "1-0"]
[WhiteElo "2290"]
[BlackElo "2063"]

1.e4 e5 2.Nf3 Nc6 3.Bb5 a6 4.Ba4 Nf6 5.O-O Be7 6.Re1 b5 7.Bb3 O-O 8.h3 d6 9.c3
Nb8 10.d4 Nbd7 11.Nbd2 Bb7 12.Bc2 Re8 13.Nf1 Bf8 14.Ng3 g6 15.a4 c5 16.d5 Qc7
17.Bg5 h6 18.Be3 c4 19.Qd2 Kh7 20.Nh2 h5 21.Bg5 Be7 22.Rf1 Ng8 23.Bxe7 Rxe7
24.axb5 axb5 25.Rxa8 Bxa8 26.f4 exf4 27.Qxf4 Ne5 28.Nf3 f6 29.Nd4 Bb7 30.Qh4
Bc8 31.Bd1 Kg7 32.Bxh5 gxh5 33.Nxh5+ Kf8 34.Nxf6 Nxf6 35.Rxf6+ Rf7 36.Qh8+ Ke7
37.Nc6+ {#r} 1-0

[Event "Ch Germany (juniors) (under 16)"]
[Site "masterchessopen.com Oberhof (Germany)"]
[Date "2011.06.17"]
[Round "8"]
[White "Goebel Constantin (GER)"]
[Black "Mons Leon (GER)"]
[Result "0-1"]
[WhiteElo "2196"]
[BlackElo "2296"]

1.e4 e5 2.Nf3 Nc6 3.Bb5 a6 4.Ba4 Nf6 5.O-O Be7 6.Re1 b5 7.Bb3 d6 8.c3 O-O 9.h3
Nb8 10.d4 Nbd7 11.Nbd2 Bb7 12.Bc2 Re8 13.Nf1 Bf8 14.Ng3 g6 15.Bg5 h6 16.Bd2
Bg7 17.Nh2 d5 18.dxe5 Nxe4 19.Nxe4 dxe4 20.Bxe4 Bxe4 21.Rxe4 Nxe5 22.b3 Qd7
23.Qe2 Nd3 24.Nf3 Rxe4 25.Qxe4 Re8 26.Qh4 b4 27.Qc4 Re2 28.Rf1 bxc3 29.Bxc3
Rc2 30.Nd4 Rxc3 31.Qxc3 Bxd4 32.Qd2 Qf5 33.Rd1 Bxf2+ 34.Kh1 Nc5 35.Qd8+ Kg7
36.Qe8 Bh4 {#R} 0-1

[Event "It (open)"]
[Site "masterchessopen.com Pula (Croatia)"]
[Date "2011.06.19"]
[Round "2"]
[White "Guttulsrud Odd Martin (NOR)"]
[Black "Kuljasevic Davorin (CRO)"]
[Result "0-1"]
[WhiteElo "2190"]
[BlackElo "2556"]

1.e4 e5 2.Nf3 Nc6 3.Bb5 a6 4.Ba4 Nf6 5.O-O Be7 6.Re1 b5 7.Bb3 d6 8.c3 O-O 9.h3
Nb8 10.d4 Nbd7 11.a4 Bb7 12.Nbd2 c5 13.Bc2 Qc7 14.dxe5 dxe5 15.axb5 axb5
16.Rxa8 Rxa8 17.b3 c4 18.b4 Nb6 19.Nh2 Qd6 20.Bb1 Na4 21.Qf3 Nb2 22.Bxb2 Qxd2
23.Qe2 Qxe2 24.Rxe2 Nd7 25.Ng4 Bg5 26.Ne3 Nb6 27.Bc2 Bxe3 28.fxe3 Kf8 29.Kf2
Ke7 30.Rd2 Nc8 31.g4 Nd6 32.Kf3 f6 33.Bc1 Ra2 34.Bb1 Ra1 35.Rb2 Rxb1 {#R} 0-1

[Event "Cup Youth (team)"]
[Site "masterchessopen.com Liptov (Slovakia)"]
[Date "2011.06.26"]
[Round "4"]
[White "Pagerka Martin (SVK)"]
[Black "Jozefek Michal (SVK)"]
[Result "1-0"]
[WhiteElo "2200"]
[BlackElo "1910"]

1.e4 e5 2.Nf3 Nc6 3.Bb5 a6 4.Ba4 Nf6 5.O-O Be7 6.Re1 b5 7.Bb3 d6 8.c3 O-O 9.h3
Nb8 10.d4 Nbd7 11.Nbd2 c5 12.Nf1 Re8 13.Ng3 Bf8 14.Ng5 c4 15.Bc2 g6 16.f4 Bb7
17.a4 Bg7 18.a5 Rc8 19.b4 Nf8 20.Nf3 d5 21.fxe5 Nxe4 22.Nxe4 dxe4 23.Ng5 f5
24.exf6 Qxf6 25.Nxe4 Qh4 26.Bg5 {#r} 1-0

[Event "Ch Turkey (team)"]
[Site "masterchessopen.com Konya (Turkey)"]
[Date "2011.06.30"]
[Round "3"]
[White "Nisipeanu Liviu-Dieter (ROM)"]
[Black "Sanikidze Tornike (GEO)"]
[Result "1-0"]
[WhiteElo "2638"]
[BlackElo "2530"]

1.e4 e5 2.Nf3 Nc6 3.Bb5 a6 4.Ba4 Nf6 5.O-O Be7 6.Re1 b5 7.Bb3 d6 8.c3 O-O 9.h3
Nb8 10.d4 Nbd7 11.Nbd2 Bb7 12.Bc2 Re8 13.a4 Bf8 14.Bd3 c6 15.b3 g6 16.Bb2 Bg7
17.Qc2 Rc8 18.Rad1 Qc7 19.Qb1 Rcd8 20.Qa1 Nh5 21.Bf1 Nf4 22.c4 b4 23.c5 d5
24.Nxe5 Nxe5 25.dxe5 Bxe5 26.Bxe5 Rxe5 27.Nf3 Ree8 28.Qf6 Ne6 29.exd5 cxd5
30.Ne5 Nxc5 31.Rc1 Bc8 32.Nc6 Ne4 33.Nxd8 Nxf6 34.Rxc7 Rxe1 35.Rxc8 Kg7 36.f3
d4 37.Kf2 Re8 38.Bxa6 {#r} 1-0

[Event "Ch Turkey (team)"]
[Site "masterchessopen.com Konya (Turkey)"]
[Date "2011.07.02"]
[Round "6"]
[White "Patel Yesim (TUR)"]
[Black "Sasmazel Burcu (TUR)"]
[Result "0-1"]
[WhiteElo "1813"]
[BlackElo "1873"]

1.e4 e5 2.Nf3 Nc6 3.Bb5 a6 4.Ba4 Nf6 5.O-O Be7 6.Re1 b5 7.Bb3 d6 8.c3 O-O 9.h3
Nb8 10.d4 Nbd7 11.Nbd2 Bb7 12.Bc2 Re8 13.Nf1 Bf8 14.Ng3 g6 15.a4 Bg7 16.Bg5
Qe7 17.Qd2 Qf8 18.d5 h6 19.Be3 c6 20.dxc6 Bxc6 21.axb5 axb5 22.Ba7 d5 23.exd5
Bxd5 24.Ne4 Bc6 25.Nh2 Red8 26.Qe2 Nd5 27.Bb3 Nf4 28.Qc2 Nf6 29.Nxf6+ Bxf6
30.Ng4 Bg7 31.Ne3 Kh7 32.Bb6 Rd7 33.Red1 Rxa1 34.Rxa1 f5 35.c4 Be4 36.Qd1
Rxd1+ 37.Rxd1 Ne2+ 38.Kh2 Nd4 {#R} 0-1

[Event "Ch Paris (open)"]
[Site "masterchessopen.com Paris (France)"]
[Date "2011.07.06"]
[Round "5"]
[White "Fedorchuk Sergey A (UKR)"]
[Black "Panchanathan Magesh Chandran (IND)"]
[Result "1-0"]
[WhiteElo "2635"]
[BlackElo "2586"]

1.e4 e5 2.Nf3 Nc6 3.Bb5 a6 4.Ba4 Nf6 5.O-O Be7 6.Re1 b5 7.Bb3 d6 8.c3 O-O 9.h3
Nb8 10.d4 Nbd7 11.Nbd2 Bb7 12.Bc2 Re8 13.Nf1 Bf8 14.Bg5 h6 15.Bh4 c6 16.Qd2
Qc7 17.Rad1 Bc8 18.Ne3 Nh5 19.Nf5 Nb6 20.dxe5 dxe5 21.Bd8 Qb7 22.Bxb6 Qxb6
23.Nd6 Bxd6 24.Qxd6 Bxh3 25.Nxe5 Re6 26.Nd7 Qa7 27.Qh2 Bg4 28.Rd4 c5 29.Rd5 c4
30.Rd4 Re7 31.Ne5 Re6 32.Nd7 Rae8 33.e5 f5 34.f3 Rd8 35.fxg4 Rxd7 36.Rd1 {#r}
1-0

[Event "It (open)"]
[Site "masterchessopen.com Sitges (Spain)"]
[Date "2011.07.22"]
[Round "1"]
[White "Bacallao Alonso Yusnel (CUB)"]
[Black "Dominguez Rueda Juan (ESP)"]
[Result "1-0"]
[WhiteElo "2553"]
[BlackElo "2151"]

1.e4 e5 2.Nf3 Nc6 3.Bb5 a6 4.Ba4 Nf6 5.O-O Be7 6.Re1 b5 7.Bb3 d6 8.c3 O-O 9.h3
Nb8 10.d4 Nbd7 11.Nbd2 Bb7 12.Bc2 Re8 13.a4 Bf8 14.Bd3 c6 15.b3 Qb6 16.Qc2 c5
17.d5 c4 18.bxc4 bxa4 19.Ba3 Bc8 20.Reb1 Qd8 21.c5 dxc5 22.Nc4 Nh5 23.Bc1 Nf4
24.Rxa4 Qf6 25.Bxf4 Qxf4 26.Qd2 g6 27.Na5 Qf6 28.Nc6 Bd6 29.Qe2 Bc7 30.Bxa6
Nb6 31.Raa1 Bd7 32.Bb5 Qd6 33.Nd2 Nxd5 34.exd5 Qxd5 35.Rxa8 {#r} 1-0

[Event "Tournament (open)"]
[Site "masterchessopen.com Novokuznetsk (Russia)"]
[Round "6"]
[White "Vladimirov Mikhail (RUS)"]
[Black "Denisov Lev (RUS)"]
[Result "0-1"]
[WhiteElo "2184"]
[BlackElo "2294"]

1.e4 e5 2.Nf3 Nc6 3.Bb5 a6 4.Ba4 Nf6 5.O-O Be7 6.Re1 b5 7.Bb3 d6 8.c3 O-O 9.h3
Nb8 10.d4 Nbd7 11.Bg5 Bb7 12.Nbd2 c5 13.Qe2 Re8 14.a4 Qb6 15.axb5 axb5 16.dxe5
dxe5 17.Bxf6 Bxf6 18.Bd5 c4 19.Bxb7 Qxb7 20.b3 cxb3 21.Nxb3 Qc6 22.Qe3 Ra4
23.Rad1 Ra3 24.Rb1 Rc8 25.Red1 Nb6 26.Qd3 h6 27.Nbd2 Na4 28.Rxb5 Nxc3 29.Rd5
Qa6 30.Re1 Qxd3 31.Rxd3 Ne2+ 32.Rxe2 Rxd3 33.Re1 Rc2 34.Nf1 Rc4 35.g3 Rxf3
{#R} 0-1

[Event "Memorial Jose Rubinstein (open)"]
[Site "masterchessopen.com Villa Martelli (Argentina)"]
[Date "2011.08.07"]
[Round "7"]
[White "Torella Rodolfo (ARG)"]
[Black "Ligato Guillermo Fe (ARG)"]
[Result "1-0"]
[WhiteElo "2022"]
[BlackElo "1786"]

1.e4 e5 2.Nf3 Nc6 3.Bb5 a6 4.Ba4 Nf6 5.O-O Be7 6.Re1 b5 7.Bb3 d6 8.c3 O-O 9.h3
Nb8 10.d4 Nbd7 11.Nbd2 Bb7 12.Bc2 c5 13.Nf1 Re8 14.Ng3 Bf8 15.d5 c4 16.Be3 g6
17.Qd2 Qc7 18.Bg5 Bg7 19.Rf1 Nc5 20.Bh6 Bh8 21.Nh2 Rac8 22.f4 Qb6 23.Kh1 Nd3
24.Bxd3 cxd3 25.fxe5 Rxe5 26.Qxd3 Nh5 27.Nxh5 Rxh5 28.Be3 Qd8 29.Ng4 f5
30.exf5 Rc4 31.Nh6+ Rxh6 32.Bxh6 Rh4 33.Qd2 Rh5 34.fxg6 Bf6 35.Qf4 Bxd5
36.Qxf6 Rxh3+ 37.Kg1 Rxh6 38.Qxd8+ {#r} 1-0

[Event "Memorial M.Botvinnik (open)"]
[Site "masterchessopen.com St. Petersburg (Russia)"]
[Date "2011.08.12"]
[Round "1"]
[White "Demianjuk Alexander (RUS)"]
[Black "Fedoseeva Valentina (RUS)"]
[Result "1-0"]
[WhiteElo "2319"]
[BlackElo "1920"]

1.e4 e5 2.Nf3 Nc6 3.Bb5 a6 4.Ba4 Nf6 5.O-O Be7 6.Re1 b5 7.Bb3 d6 8.c3 O-O 9.h3
Nb8 10.d4 Nbd7 11.Nbd2 Bb7 12.Bc2 Re8 13.Nf1 Bf8 14.Ng3 d5 15.exd5 exd4
16.Rxe8 Qxe8 17.Nxd4 Bxd5 18.Bg5 h6 19.Bf4 c5 20.Ndf5 Nb6 21.Qc1 Qc6 22.Bxh6
gxh6 23.Nxh6+ Bxh6 24.Qxh6 Ne8 25.Bh7+ Kh8 26.Bg6+ Kg8 27.Nf5 fxg6 28.Ne7+ Kf7
29.Nxc6 Bxc6 30.Qf4+ {#r} 1-0

[Event "Ch World (juniors) (under 20)"]
[Site "masterchessopen.com Chennai (India)"]
[Date "2011.08.14"]
[Round "12"]
[White "Salgado Lopez Ivan (ESP)"]
[Black "Anwesh Upadhyaya (IND)"]
[Result "1-0"]
[WhiteElo "2614"]
[BlackElo "2408"]

1.e4 e5 2.Nf3 Nc6 3.Bb5 a6 4.Ba4 Nf6 5.O-O Be7 6.Re1 b5 7.Bb3 d6 8.c3 O-O 9.h3
Nb8 10.d4 Nbd7 11.Nbd2 Bb7 12.Bc2 Re8 13.Nf1 Bf8 14.Bg5 h6 15.Bh4 g6 16.dxe5
dxe5 17.N3h2 Bg7 18.Qf3 Nf8 19.Ne3 N8h7 20.Rad1 Qc8 21.Nhg4 Nxg4 22.hxg4 Ng5
23.Bxg5 hxg5 24.Bb3 Re7 25.Rd2 Qf8 26.Red1 Rae8 27.Bd5 c6 28.Bb3 Rc7 29.a4 Qe7
30.Rd6 Kh7 31.Qh3+ Bh6 32.Nf5 Qf8 33.Rd7 {#r} 1-0

[Event "It (open)"]
[Site "masterchessopen.com Stare Mesto (Czech Republic)"]
[Date "2011.08.14"]
[Round "3"]
[White "Cizinsky Petr (CZE)"]
[Black "Talla Vladimir (CZE)"]
[Result "1-0"]
[WhiteElo "2178"]
[BlackElo "2399"]

1.e4 e5 2.Nf3 Nc6 3.Bb5 a6 4.Ba4 Nf6 5.O-O Be7 6.Re1 b5 7.Bb3 d6 8.c3 O-O 9.h3
Nb8 10.d4 Nbd7 11.Nbd2 Bb7 12.Bc2 Re8 13.Nf1 Bf8 14.Ng3 g6 15.a4 c5 16.d5 c4
17.Bg5 h6 18.Be3 Nc5 19.Qd2 h5 20.Ra3 Nfd7 21.Bg5 Be7 22.Bh6 Nb6 23.axb5 axb5
24.Rxa8 Bxa8 25.Ng5 h4 26.Nf1 f6 27.Nf3 f5 28.exf5 gxf5 29.Bxf5 Bxd5 30.Ng5
Rf8 31.Bb1 Rf4 32.Ne3 Bc6 33.Ng4 Nd3 34.Ne6 Qd7 35.Nxf4 {#r} 1-0